000 00431nam a22001697a 4500
003 UA-OsUOA
001 6057
007 ta
008 20050721b un ||||| |||| 00| 0 ukr d
100 _aЗахарчук
700 _aА. В.
942 _cBK
040 _aUA-OsUOA
_cUA-OsUOA
_dUA-OsUOA
245 _aПолітична метафора у мові амер. публіцистики...
_bBA Paper
955 _a2
650 7 _2UDC
999 _c292219
_d292219